000
00320nam a2200133Ia 4500
008
150201s2010 xx 000 0 und d
082
_a
612
_b
P10C
100
_a
CHANDRAMAULI,R
245
_a
TB OF PHYSIOLOGY
250
_a
3RD
260
_b
JAYPEE BROTHERS
_a
DELHI
_c
2010
650
_a
HUMAN PHYSIOLOGY
942
_2
ddc
_c
BK
_0
89
999
_c
998
_d
998